000 00310nam a2200121Ia 4500
005 20251222154312.0
008 251222s9999||||xx |||||||||||||| ||spa||
020 _a9972-9426-0-0
082 _a338.985.54/I49
100 _a"Indacochea Cáceda, Alejandroy otros"
245 0 _aAyacucho competitivo
942 _cLIB
999 _c33441
_d33441